00517 a2200157 450000500170000002000160001708200160003310000190004924500270006825000120009526000490010730000380015694200130019499900150020795201370022220250319143530.0 a07-031161-7 a513.93 HUM aHUMMEL, P. M.. aMathematics of Finance a3rd Ed aNew York,bMcGraw- Hill Book Company,c1956. ax, 368p.: table,bindex,c23cm. 2ddccBKS c1011d1011 r2025-03-19 14:37:05l0o513.93 HUMp0000003929v45000.00w2025-03-19yBKS102ddc407000aCBEMLbCBEMLcGENd2025-03-19g15000.00